| 000 | 01401cam a22003374a 4500 | ||
|---|---|---|---|
| 001 | 14123565 | ||
| 003 | Nust | ||
| 005 | 20251217182046.0 | ||
| 008 | 050928s2006 flua b 001 0 eng | ||
| 010 |
_a 2005054864 _z 2005056892 _z 2005044776 |
||
| 020 | _a0-8493-2123-9 | ||
| 038 | _aSMME | ||
| 040 |
_aDLC _cDLC _dDLC |
||
| 042 | _apcc | ||
| 050 | 0 | 0 |
_aR856 _b.B513 2006 |
| 082 | 0 | 0 |
_a612.028 _222 _b TIS |
| 100 |
_aJoseph D. Bronzino. _934471 |
||
| 245 | 0 | 4 |
_aTissue Engineering & Artificial Organs _cEdited by Joseph D. Bronzino. |
| 260 |
_aBoca Raton : _bCRC/Taylor & Francis, _c2006. |
||
| 300 |
_a3 v. : _bill. ; _c27 cm. |
||
| 440 | 4 |
_aThe electrical engineering handbook series _934472 |
|
| 504 | _aIncludes bibliographical references and index. | ||
| 505 | 2 | _a[v. 1]. Biomedical engineering fundamentals -- [v. 2]. Medical devices and systems -- [v. 3]. Tissue engineering and artificial organs. | |
| 563 | _aHard Binding | ||
| 650 | 0 |
_aBiomedical engineering. _9798 |
|
| 700 | 1 |
_aBronzino, Joseph D., _d1937- _934473 |
|
| 856 | 4 | 2 |
_3Publisher description _uhttp://www.loc.gov/catdir/enhancements/fy0646/2005054864-d.html |
| 906 |
_a7 _bcbc _corignew _d1 _eocip _f20 _gy-gencatlg |
||
| 942 |
_2ddc _cBK _k610.28 TIS |
||
| 999 |
_c173205 _d173205 |
||